1882 1061 1984 1324 1684 1074 1311 1230 1538 1528 1773 1058 1002 1145 1352 1202 1848 1437 1790 1389 1564 1698 1601 1443 1025 1486 1999 1462 1880 1311 1734 1466 1779 1412 1664 1042 1264 1103 1669 1003 1517 1493 1033 1517 1562 1145 1342 1878 1514 1689 1090 1406 1471 1220 1056 1835 1714 1088 1283 1661 1434 1141 1418 1897 1309 1109 1316 1755 1025 1928 1199 1655 1090 1661 1349 1219 1128 1560 1380 1478 1042 1088 1103 1146 1819 1210 1837 1931 1609 1301 1913 1742 1882 1587 1758 1952 1653 1159 1884 BCNSPRNW ULIB Ver.6.0+V

เปลี่ยนเป็นภาษาไทย

Change to English
 แสดงรายละเอียดบรรณานุกรม
  กลับหน้าหลัก

Brief Record : Get Marc (ISO 2709) : E-mail record : QR code < ปิดหน้าต่าง
LEADER : 00000nam 2200000uu 4500
001    13399110993
003     ULIB
008    110614s||||||||th 000 0 tha d
020    9789749421475
050 04 BQ4190^bม267ก 2551
100 0  ชวอตซ์, มอร์รี เอส
245 10 การปล่อยวาง :^bข้อคิดจากการดำรงชีวิตขณะเผชิญความตาย /^cMorrie S. Schwartz ; วัลลี สุวจิตตานนท์ แปล
250    พิมพ์ครั้งที่ 1
260    กรุงเทพฯ :^bมายด์,^c2551
300    150 หน้า :^bภาพประกอบ
650  2 Amyotrophic lateral sclerosis
700 00 วัลลี สุวจิตตานนท์,^eผู้แปล
945    ^p129^l0^i028427
945    ^p129^l0^i028497
995    ทศพร
999 ^a ใช้งานได้ทุกระบบ
รายการนี้ยังไม่มีแท็ก
คุณยังไม่ได้ล็อกอิน คุณสามารถมีกิจกรรมร่วมกับเว็บไซต์ได้ แต่ต้องล็อกอินก่อน ::
  ล็อกอิน

รายการสื่อสารสนเทศ

ลำดับที่ ประเภท เลขเรียก/บาร์โค้ด สถานที่ สถานะ
- ไม่พบข้อมูล -

รายการใกล้เคียง
    ผู้แต่ง [ชวอตซ์, มอร์รี เอส]

    หัวเรื่อง [Amyotrophic lateral sclerosis]

BibComment


ยังไม่เคยถูกคอมเมนท์

คอมเมนท์ทรัพยากรรายการนี้
  คอมเมนท์: การปล่อยวาง ข้อค..


 Copyright 2026. Bcnsprnw @Library